书目信息 |
| 题名: |
计算机网络应用教程
|
|
| 作者: | 王洪 | |
| 分册: | ||
| 出版信息: | 北京 机械工业出版社 2001.01 |
|
| 页数: | 242页 | |
| 开本: | 16开 | |
| 丛书名: | 面向21世纪高等院校计算机教材系列 | |
| 单 册: | ||
| 中图分类: | TP393.01-43 | |
| 科图分类: | ||
| 主题词: | 计算机应用 | |
| 电子资源: | ||
| ISBN: | 7-111-08257-5 | |
| 000 | 00649nam0 2200217 45 | |
| 001 | 0308271049 | |
| 005 | 20030827105738.7 | |
| 010 | @a7-111-08257-5@d23.00元 | |
| 100 | @a20030827d2001 km y0chiy0120 ea | |
| 101 | @achi | |
| 105 | @a z 000yy | |
| 200 | 1 | @a计算机网络应用教程@Aji suan ji wang luo ying yong jiao cheng@f王洪等@Fwang hong deng |
| 210 | @a北京@c机械工业出版社@d2001.01 | |
| 215 | @a242页@d16开 | |
| 225 | 2 | @a面向21世纪高等院校计算机教材系列 |
| 410 | 0 | @12001 @a面向21世纪高等院校计算机教材系列 |
| 606 | 0 | @a计算机应用 |
| 690 | @aTP393.01-43@v3 | |
| 701 | 0 | @a王洪 |
| 801 | @aCN@b@c20030827 | |
| 905 | @aBZT@dTP393.01-43@e84 | |
| 计算机网络应用教程/王洪等.-北京:机械工业出版社,2001.01 |
| 242页;16开.-(面向21世纪高等院校计算机教材系列) |
| ISBN 7-111-08257-5:23.00元 |
| ● |
| 相关链接 |
|
|
|
正题名:计算机网络应用教程
索取号:TP393.01-43/84
 
预约/预借
| 序号 | 登录号 | 条形码 | 馆藏地/架位号 | 状态 | 备注 |
| 1 | 107443 | 200048019 | 中心书库中库/ 中库026架B面7列2层52/ [索取号:TP393.01-43/84] | 在馆 | |
| 2 | 107444 | 200055199 | 中心书库中库/ 中库026架B面7列7层20/ [索取号:TP393.01-43/84] | 在馆 |